Gares sur la ligne de Dijon à Belfort - Statistiques

Statistiques générales
  • Ce quiz a été pris 44 fois
  • Le résultat moyen est 10 sur 23
Statistiques - réponses
Département Gare % Correct
Côte-d'Or (21) Dijon-Ville
93%
Territoire de Belfort (90) Belfort
90%
Jura (39) Dole-Ville
78%
Doubs (25) Montbéliard
70%
Doubs (25) Saint-Vit
60%
Côte-d'Or (21) Auxonne
58%
(25) Besançon-Viotte
55%
Haute-Saône (70) Héricourt
55%
(21) Genlis
48%
(25) Baume-les-Dames
45%
(25) L'Isle-sur-le-Doubs
38%
(39) Orchamps
33%
(25) Roche-lez-Beaupré
33%
(25) Clerval
30%
(25) Deluz
30%
(25) Franois
30%
(25) Laissey
30%
(21) Collonges (Côte-d'Or)
28%
(25) Novillars
28%
Jura (39) Ranchot
28%
(25) Colombier-Fontaine
25%
(25) Dannemarie - Velesmes
25%
(25) Voujeaucourt
23%
Aucun quiz correspondant
Distribution des résultats
% des personnes avec chaque résultat
Percentile par nombre de réponses
Votre historique - résultats
Vous n’avez pas pris ce quiz